Biblioteca ESET

Literaturas (Registro nro. 880)

Detalles MARC
000 -CABECERA
fixed length control field 01624aam a2200385 a 4500
001 - NUMERO DE CONTROL
control field 001563831
003 - CONTROL NUMBER IDENTIFIER
control field AR-BeUNQ
005 - FECHA Y HORA DE LA ULTIMA TRANSACCION
control field 20260223191121.0
007 - CAMPO FIJO DE DESCRIPCION FIJA - INFORMACION GENERAL
fixed length control field cr cn ||||||||
008 - ELEMENTOS DE LONGITUD FIJA-INFORMACION GENERAL
fixed length control field 230728s2021 ag ao gsf f001 0 spa
015 ## - NATIONAL BIBLIOGRAPHY NUMBER
National bibliography number AR-2021
020 ## - NUMERO INTERNACIONAL NORMALIZADO PARA LIBROS
Número Internacional Normalizado del libro 9789500015103
040 ## - FUENTE DE CATALOGACION
Agencia de catalogación original AR-BeUNQ
Idioma de catalogación ESPAÑOL
Convenciones de la descripción aacr
Agencia que realiza la transcripción AR-BeUNQ
043 ## - GEOGRAPHIC AREA CODE
Geographic area code s-ag---
044 ## - COUNTRY OF PUBLISHING/PRODUCING ENTITY CODE
MARC country code ag
ISO country code ar-c
082 ## - NUMERO DE CLASIFICACION DECIMAL DEWEYMBER
Número de clasificación 371.1
Número de la edición 21
245 00 - MENCION DE TITULO
Título Literaturas
250 ## - MENCION DE EDICION
Mención de edición 1a ed.
260 ## - PUBLICACION, DISTRIBUCION, ETC.
Lugar de publicación, distribución, etc. Buenos Aires :
Nombre del editor, distribuidor, etc. Ministerio de Educación,
Fecha de publicación, distribución, etc 2021.
300 ## - DESCRIPCION FISICA
Extensión 61 p. :
Otros detalles físicos il., fot. ;
Dimensiones 21 cm.
490 1# - MENCION DE SERIE
Mención de serie Colección Derechos Humanos, Género y ESI en la Escuela
504 ## - NOTA DE BIBLIOGRAFIA, ETC.
Nota de bibliografía, etc. Bibliografía: p. 59-61
505 2# - NOTA DE CONTENIDO
Nota de contenido con formato preestablecido 1. Introducción -- 2. ¿De qué hablamos cuando hablamos de literaturas? -- 3. Vínculos con la tarea docente -- 4. Propuestas de actividades para trabajar las literaturas en el aula -- 5. Recursero.
530 ## - NOTA DE FORMATO FISICO ADICIONAL DISPONIBLE
Nota de formato físico adicional disponible También disponible en formato digital.
650 #7 - ASIENTO SECUNDARIO DE MATERIA - TERMINO TEMATICO
Término temático o nombre geográfico como elemento de entrada Derechos Humanos
Fuente del encabezamiento o términ spines
650 #7 - ASIENTO SECUNDARIO DE MATERIA - TERMINO TEMATICO
Término temático o nombre geográfico como elemento de entrada Literatura (Arte)
Fuente del encabezamiento o términ spines
653 ## - TERMINO DE INDIZACION - NO CONTROLADO
Término de indización no controlado Formación docente
710 1# - ASIENTO SECUNDARIO - NOMBRE CORPORATIVO
Nombre corporativo o de jurisdicción como elemento de entradantry element Argentina.
Unidad subordinada Ministerio de Educación
Relator term entidad responsable
Relationship isb
830 #0 - ASIENTO SECUNDARIO DE SERIE--TITULO UNIFORME
Título uniforme Derechos Humanos, Género y ESI en la Escuela (Ministerio de Educación)
856 ## - LOCALIZACION Y ACCESO ELECTRONICOS
Public note Obra completa en PDF
Identificador Uniforme del Recurso <a href="https://www.educ.ar/recursos/158040/literaturas">https://www.educ.ar/recursos/158040/literaturas</a>
929 10 - DATOS DE ADQUISICION
Procedencia DONACION
Proveedor Ministerio de Educación de la Nación
Precio 200,00
Fecha de recibido 20230629
Patrimonio UNQ PAT0080214
Es copia 1
Número de inventario 61380
929 ## - DATOS DE ADQUISICION
Procedencia DONACION
Proveedor Ministerio de Educación de la Nación
Precio 0
Fecha de recibido 20230629
Patrimonio UNQ PAT0082160
Número de inventario 59597
929 ## - DATOS DE ADQUISICION
Procedencia DONACION
Proveedor MINISTERIO DE EDUCAACION DE LA NACION
Fecha de recibido 20230629
Patrimonio UNQ PAT 0082161
Número de inventario 61640
Orden de compra 0
Es copia 4
942 ## - ELEMENTOS DE PUNTO DE ACCESO ADICIONAL (KOHA)
Tipo de ítem Koha Libros
Suppress in OPAC 0
Existencias
Estado de retiro Estado de pérdida Ubicación permanente Ubicación actual Ubicación en estantería Fecha de ingreso Total Checkouts Signatura topográfica completa Inventario Date last seen Número de copia Tipo de ítem Koha Operador
    Biblioteca ESET - UNQ Biblioteca ESET - UNQ CIRCULACION 04/08/2022   371.1 LIT 59597 09/09/2023 1 Libros  
    Biblioteca ESET - UNQ Biblioteca ESET - UNQ SALA 09/09/2023   371.1 LIT 61380 09/09/2023 2 Libros  
    Biblioteca ESET - UNQ Biblioteca ESET - UNQ CIRCULACION 23/02/2026   371.1 LIT 61640 23/02/2026 3 Libros Gladys Alarcon

ESET UNQ

☏ 4365-7188
 Avenida República de Francia 1714 entre Doctor Kenny y Concordia, Ezpeleta, Bs As.
✉ secretaria_eset@unq.edu.ar

Con tecnología Koha